<?xml version="1.0" encoding="UTF-8"?>
<record
    xmlns:xsi="http://www.w3.org/2001/XMLSchema-instance"
    xsi:schemaLocation="http://www.loc.gov/MARC21/slim http://www.loc.gov/standards/marcxml/schema/MARC21slim.xsd"
    xmlns="http://www.loc.gov/MARC21/slim">

  <leader>01759nam a2200241 a 4500</leader>
  <controlfield tag="001">ASIN1439801436</controlfield>
  <controlfield tag="003">Nust- CAS-E</controlfield>
  <controlfield tag="005">20180118181355.0</controlfield>
  <controlfield tag="008">140218s2010    xxu                 eng d</controlfield>
  <datafield tag="020" ind1=" " ind2=" ">
    <subfield code="a">9781439801437 </subfield>
  </datafield>
  <datafield tag="040" ind1=" " ind2=" ">
    <subfield code="c">0</subfield>
  </datafield>
  <datafield tag="082" ind1=" " ind2=" ">
    <subfield code="a">621.312136</subfield>
    <subfield code="b">STA 2010</subfield>
  </datafield>
  <datafield tag="245" ind1="1" ind2="0">
    <subfield code="a">Stand-alone and hybrid wind energy systems :</subfield>
    <subfield code="b">technology, energy storage and applications /</subfield>
    <subfield code="c">J. K. Kaldellis.</subfield>
  </datafield>
  <datafield tag="250" ind1=" " ind2=" ">
    <subfield code="a">0th ed.</subfield>
  </datafield>
  <datafield tag="260" ind1=" " ind2=" ">
    <subfield code="a">[S.l.] :</subfield>
    <subfield code="b">CRC Press,</subfield>
    <subfield code="c">2010.</subfield>
  </datafield>
  <datafield tag="300" ind1=" " ind2=" ">
    <subfield code="a">420 p. ;</subfield>
    <subfield code="c">24 cm.</subfield>
  </datafield>
  <datafield tag="490" ind1="1" ind2=" ">
    <subfield code="a">Woodhead publishing series in energy.</subfield>
  </datafield>
  <datafield tag="520" ind1=" " ind2=" ">
    <subfield code="a">Wind power generation is fast becoming one of the leading renewable energy sources worldwide. Reliability of power supply is one of the main issues for wind energy systems, and so improved stand-alone and hybrid wind energy systems are being developed, incorporating advanced energy storage and grid integration systems, in order to increase power generation rates and to provide secure power supply to the end user. This book provides a comprehensive reference on the development of both stand-alone and hybrid wind energy systems, as well as energy storage systems and overall systems integration with local grids. Chapters cover the design/construction, modeling/simulation, monitoring/control, and optimization of stand-alone and hybrid wind energy technologies, reviewing their current state and future development. Further to this, many of the energy storage and distribution systems covered in the book are also applicable to other renewable energy generation technologies.</subfield>
  </datafield>
  <datafield tag="700" ind1="1" ind2=" ">
    <subfield code="a">Kaldellis, J. K.</subfield>
  </datafield>
  <datafield tag="830" ind1=" " ind2="0">
    <subfield code="a">Woodhead publishing series in energy.</subfield>
  </datafield>
  <datafield tag="856" ind1="4" ind2="0">
    <subfield code="3">Amazon.com</subfield>
    <subfield code="u">http://www.amazon.com/exec/obidos/ASIN/1439801436/chopaconline-20</subfield>
  </datafield>
  <datafield tag="942" ind1=" " ind2=" ">
    <subfield code="2">ddc</subfield>
    <subfield code="c">BK</subfield>
  </datafield>
  <datafield tag="999" ind1=" " ind2=" ">
    <subfield code="c">355252</subfield>
    <subfield code="d">355252</subfield>
  </datafield>
  <datafield tag="952" ind1=" " ind2=" ">
    <subfield code="0">0</subfield>
    <subfield code="1">0</subfield>
    <subfield code="2">ddc </subfield>
    <subfield code="4">0</subfield>
    <subfield code="7">0</subfield>
    <subfield code="a">CAS-E</subfield>
    <subfield code="b">CAS-E</subfield>
    <subfield code="c">GEN</subfield>
    <subfield code="d">2013-04-12</subfield>
    <subfield code="e">Victoria co</subfield>
    <subfield code="l">0</subfield>
    <subfield code="o">621.312136 STA 2010</subfield>
    <subfield code="p">CAS-E0000118</subfield>
    <subfield code="r">2014-02-18</subfield>
    <subfield code="t">01</subfield>
    <subfield code="v">54842.00</subfield>
    <subfield code="w">2014-02-18</subfield>
    <subfield code="y">BK</subfield>
  </datafield>
  <datafield tag="952" ind1=" " ind2=" ">
    <subfield code="0">0</subfield>
    <subfield code="1">0</subfield>
    <subfield code="2">ddc </subfield>
    <subfield code="4">0</subfield>
    <subfield code="7">0</subfield>
    <subfield code="a">CAS-E</subfield>
    <subfield code="b">CAS-E</subfield>
    <subfield code="c">GEN</subfield>
    <subfield code="d">2013-04-12</subfield>
    <subfield code="e">Victoria co</subfield>
    <subfield code="l">0</subfield>
    <subfield code="o">621.312136 STA 2010</subfield>
    <subfield code="p">CAS-E0000119</subfield>
    <subfield code="r">2014-02-18</subfield>
    <subfield code="t">02</subfield>
    <subfield code="v">54842.00</subfield>
    <subfield code="w">2014-02-18</subfield>
    <subfield code="y">BK</subfield>
  </datafield>
</record>
